Minecraft Dungeons: Weapons - Statistics

General Stats
  • This quiz has been taken 11 times
    9 since last reset
  • The average score is 17 of 139
Answer Stats
Weapons % Correct
Common Sword
86%
Common Pickaxe
71%
Common Axe
57%
Unique Diamond Pickaxe
57%
Unique Diamond Sword
57%
Common Gauntlets
57%
Common Whip
57%
Common Bow
43%
Common Crossbow
43%
Unique Cursed Axe
43%
Unique Fighter´s Bindings
43%
Common Mace
43%
Unique Maulers
43%
Unique Whirlwind
43%
Common Anchor
29%
Common Daggers
29%
Common Double Axe
29%
Common Great Hammer
29%
Unique Harp Crossbow
29%
Common Heavy Crossbow
29%
Unique Highland Axe
29%
Common Hunting Bow
29%
Common Longbow
29%
Unique Moon Daggers
29%
Common Rapier
29%
Unique Soul Fists
29%
Common Soul Knife
29%
Common Spear
29%
Common Trickbow
29%
Unique Ancient Bow
14%
Unique Baby Crossbows
14%
Common Battlestaff
14%
Unique Bee Stinger
14%
Common Bubble Bow
14%
Common Coral Blade
14%
Unique Dancer´s Sword
14%
Unique Dark Katana
14%
Common
Shortbow
14%
Unique Doom Crossbow
14%
Common Dual Crossbows
14%
Unique Encrusted Anchor
14%
Common Exploding Crossbow
14%
Unique Firebrand
14%
Unique Fortune Spear
14%
Unique Hammer of Gravity
14%
Common Harpoon Crossbow
14%
Unique Heartstealer
14%
Unique Imploding Crossbow
14%
Common Katana
14%
Unique Master´s Katana
14%
Unique Nightmare´s Bite
14%
Common Obsidian Claymore
14%
Common Power Bow
14%
Unique Sheer Daggers
14%
Common Sickles
14%
Common Soul Bow
14%
Common Soul Crossbow
14%
Common Soul Scythe
14%
Common Tempest Knife
14%
Unique The Beginning and the End
14%
Unique Truthseeker
14%
Unique Vine Whip
14%
Common Void Touched Blades
14%
Unique Auto Crossbow
0%
Unique Azure Seeker
0%
Common Backstabber
0%
Unique Battlestaff of Terror
0%
Unique Bonebow
0%
Common Boneclub
0%
Unique Bone Cudgel
0%
Unique Bow of Lost Souls
0%
Unique Broadsword
0%
Common Broken Sawblade
0%
Unique Bubble Burster
0%
Common Burst Crossbow
0%
Unique Burst Gale Bow
0%
Unique Butterfly Crossbow
0%
Unique Call of the Void
0%
Unique Chill Gale Knife
0%
Common Claymore
0%
Common Cog Crossbow
0%
Unique Corrupted Crossbow
0%
Common Cutlass
0%
Unique Echo of the Valley
0%
Unique Elite Power Bow
0%
Unique Eternal Knife
0%
Unique Fangs of Frost
0%
Unique Feral Soul Crossbow
0%
Unique Firebolt Thrower
0%
Unique Flail
0%
Unique Freezing Foil
0%
Unique Frost Scythe
0%
Common Glaive
0%
Unique Grave Bane
0%
Unique Great Axeblade
0%
Unique Growing Staff
0%
Unique Guardian Bow
0%
Unique Hawkbrand
0%
Unique Hunter´s Promise
0%
Unique Jailor´s Scythe
0%
Unique Lightning Harp Crossbow
0%
Unique Love Spell Bow
0%
Unique Master´s Bow
0%
Unique Mechanical Shortbow
0%
Unique Mechanized Sawblade
0%
Unique Nameless Blade
0%
Unique Nautical Crossbow
0%
Unique Nocturnal Bow
0%
Unique Pride of the Piglins
0%
Unique Purple Storm
0%
Common Rapid Crossbow
0%
Unique Red Snake
0%
Unique Resolute Tempest Knife
0%
Unique Sabrewing
0%
Common Scatter Crossbow
0%
Common Shadow Crossbow
0%
Unique Slayer Crossbow
0%
Common Snow Bow
0%
Unique Soul Hunter Crossbow
0%
Unique Spellbound Crossbows
0%
Unique Sponge Striker
0%
Unique Stormlander
0%
Unique Sun´s Grace
0%
Unique Swift Striker
0%
Unique The Green Menace
0%
Unique The Last Laugh
0%
Unique The Pink Scoundrel
0%
Unique The Slicer
0%
Unique The Starless Night
0%
Unique Twin Bow
0%
Common Twisting Vine Bow
0%
Unique Veiled Crossbow
0%
Unique Venom Glaive
0%
Common Void Bow
0%
Unique Voidcaller
0%
Unique Weeping Vine Bow
0%
Unique Whispering Spear
0%
Common Wind Bow
0%
Unique Winter´s Touch
0%
No matching quizzes found
Score Distribution
Percent of People with Each Score
Percentile by Number Answered
Your Score History
You have not taken this quiz since the last reset